000 02021cam a2200421 i 4500
001 20158167
005 20250319111825.0
008 171130s2018 enk b 001 0 eng
010 _a 2017057547
020 _a9781108482714 (hardback : alk. paper)
040 _aDLC
_beng
_cDLC
_erda
_dDLC
041 1 _aeng
_hfre
042 _apcc
043 _ae-fr---
_an-us---
_acl-----
050 0 0 _aK487.P65
_bG3613 2018
082 0 0 _a340.115
_bGAR
100 1 _aGarcía Villegas, Mauricio
_eauthor.
_9128488
240 1 0 _aPouvoirs du droit.
_lEnglish
245 1 4 _aThe powers of law :
_ba comparative analysis of sociopolitical legal studies /
_cMauricio García Villegas, National University of Colombia.
264 1 _aCambridge, United Kingdom ;
_aNew York, NY :
_bCambridge University Press,
_c[2018]
300 _axi, 219 pages ;
_c24 cm.
336 _atext
_btxt
_2rdacontent
337 _aunmediated
_bn
_2rdamedia
338 _avolume
_bnc
_2rdacarrier
490 0 _aCambridge studies in law and society
504 _aIncludes bibliographical references (pages 162-211) and index.
505 0 _aA sociopolitical understanding of law -- The symbolic uses of law : at the heart of a political sociology of law -- Legal fields and the social sciences in France and the United States -- Sociopolitical legal studies in the United States -- Sociopolitical legal studies in France -- Conclusion : the present and future of sociopolitical legal studies.
650 0 _aLaw
_xPolitical aspects.
_9128489
650 0 _aSociological jurisprudence.
_9128438
650 0 _aPower (Social sciences)
_911467
650 0 _aEffectiveness and validity of law.
_9128490
651 0 _aFrance
_xPolitics and government.
_9128491
651 0 _aUnited States
_xPolitics and government.
_98166
651 0 _aLatin America
_xPolitics and government.
_9128492
906 _a7
_bcbc
_corignew
_d1
_eecip
_f20
_gy-gencatlg
942 _2ddc
_cBK
999 _c613437
_d613437